| 000 | 00571nam a2200181Ia 4500 | ||
|---|---|---|---|
| 999 |
_c23256 _d23256 |
||
| 003 | OSt | ||
| 005 | 20201221160311.0 | ||
| 008 | 190216s9999||||xx |||||||||||||| ||und|| | ||
| 020 | _a9788126415595 | ||
| 040 | _coclc | ||
| 082 |
_a894.812 _bKAL/A |
||
| 100 |
_aKalam, A P J Abdul _92031 |
||
| 245 | 0 |
_aAjayyamaya Athmachaithanyam = Indomitable Spirit / _cA P J Abdul Kalam |
|
| 260 |
_bDc Books, _c2014. _a Kottayam: |
||
| 300 | _a172p | ||
| 650 | 0 |
_aHistory & geography _vIslamic History _92271 |
|
| 942 |
_cBK _2ddc _h894.812 _iKAL/A _k894.812 _mKAL/A |
||